• Intra Enrico

di Personal Name

Records bibliografici associati: 1

001 - CONTROL NUMBER

  • control field: 6797

003 - CONTROL NUMBER IDENTIFIER

  • control field: IT-RoPau

005 - DATE AND TIME OF LATEST TRANSACTION

  • control field: 20131231115203.0

008 - FIXED-LENGTH DATA ELEMENTS

  • fixed length control field: 131231|| aca||aabn | a|a d

040 ## - CATALOGING SOURCE

  • Original cataloging agency: IT-RoPau
  • Transcribing agency: IT-RoPau

100 ## - HEADING--PERSONAL NAME

  • Personal name: Intra Enrico
  • Dates associated with a name: Codice autore SPICS: 13932
  • Relator term: Autore
  • Name of part/section of a work: Sogno. Traumerei - Andante dalla sonata per pianoforte K 545 - Andante cantabile dalla sinfonia n. 5 - Largo - Valse triste - Notturno dal quartetto in re maggiore

670 ## - SOURCE DATA FOUND

  • Source citation: Work cat.: (IT-RoPau)103168: AA.VV. 794, Romantic concerto vol. 6 (Lp Rdz-St 14261)
CREDITS: SOCIETA' SAN PAOLO Via A.Severo, 58 - ROMA (RM) & PERIODICI SAN PAOLO SRL Via Giotto, 36 MILANO & CISF Via Giotto, 36 MILANO & EDIZIONI SAN PAOLO SRL,  Piazza Soncino, 5 CINISELLO BALSAMO (MI) -- ITALY